00347nam a22001097a 4500020000800000040001600008082001600024100002000040245009600060260004100156300004000197 qHB. cFIZZA ISHAQ a624.15bBAU a Frank , Roger. aDesigners' Guide to EN 1997-1 Eurocode 7: Geotechnical Design General Rules /cRoger Frank. aLondon:b Thomas Telford Ltd,c2005. a216 P.;c8.27 x 0.63 x 11.69 inches